| 000 | 00797nam a22002417a 4500 | ||
|---|---|---|---|
| 999 |
_c4643 _d4643 |
||
| 003 | AR-CdUCM | ||
| 008 | 190311b ||||| |||| 00| 0 spa d | ||
| 040 |
_aMUNICIPALIDAD PROVINCIAL DEL CUSCO _cBIBLIOTECA MUNICIPAL DEL CUSCO |
||
| 041 | _hbe. | ||
| 082 |
_22 ed. _a372.5 / _bSU94 |
||
| 100 |
_aSuenens, León Joseph _914461 |
||
| 245 |
_aUn problema crucial : _bAmor y dominio de si mismo / |
||
| 260 |
_aBruselas : _bEdic.Desclee de Brouwer, _c1964. |
||
| 300 |
_a251 paginas ; _c19 cm. |
||
| 440 |
_aEducación y familia / _914462 |
||
| 500 | _aDonación familia Nieto | ||
| 505 | _aContenido :Educación sexual / | ||
| 650 |
_aEducacion sexual _96369 |
||
| 650 |
_aMovimientos católicos _914463 |
||
| 700 |
_aLuis de Aguirre (traductor) _914464 |
||
| 942 |
_2ddc _cLIBROS |
||
| 945 | _arjall | ||